MARC

LEADER 00000nam0a2200000 4500
001 65601
005 20231101212218.0
035 |a (RuTPU)RU\TPU\book\69631 
090 |a 65601 
100 |a 20040623d1983 km y0rusy50 ca 
101 0 |a rus 
102 |a RU 
105 |a a g 001zy 
200 1 |a Справочник по бурению инженерно-геологических скважин  |f Б. М. Ребрик 
210 |a Москва  |c Недра  |d 1983 
215 |a 288 с.  |c ил. 
320 |a Библиогр.: с. 285-286 
606 1 |a Бурение  |x Инженерно-геологические исследования  |2 stltpush  |3 (RuTPU)RU\TPU\subj\30238  |9 53370 
610 1 |a инженерно-геологические скважины 
610 1 |a буровые станки 
610 1 |a буровые установки 
610 1 |a оборудование 
610 1 |a породоразрушающие инструменты 
610 1 |a расчеты 
610 1 |a документация 
610 1 |a справочники 
675 |a 624.131.34(035)  |v 3 
700 1 |a Ребрик  |b Б. М.  |g Борис Михайлович 
801 1 |a RU  |b 63413507  |c 20040623  |g PSBO 
801 2 |a RU  |b 63413507  |c 20160310  |g PSBO 
942 |c BK